01049nam a2200205 a 4500008004100000020001500041050001500056100001800071245011600089260003300205300002100238350000900259650002900268650003900297995012600336995012600462999001700588952011900605952011900724120416s1981 ||||||||||||||||| || u a9061910919 aSB 438 COU aCourt, Doreen10aSucculent flora of Southern Africa: a comprehensive and authoritative guide to 164 genera in nine family groups aRotterdambA.A.Balkemac1981 axvi, 224p. : ill a0.00 aBOTANY--AFRICA, SOUTHERN aSUCCULENT PLANTS--AFRICA, SOUTHERN aREFERENCE BOOKSD0.00e727559FCBU-MAIN LIBRARY (Kitwe)H1I98.00jSB 438 CouM1UREFERENCEy025419ZReference Collection aREFERENCE BOOKSD0.00e727560FCBU-MAIN LIBRARY (Kitwe)H2I98.00jSB 438 CouM2UREFERENCEy025420ZReference Collection c80813d80813 00102lcc4070a001b001cReference Collectiond2023-07-11l0oSB 438 COUp025419r2023-07-11t1w2023-07-11y019 00102lcc4070a001b001cReference Collectiond2023-07-11l0oSB 438 COUp025420r2023-07-11t2w2023-07-11y019